00438 2200181 4500001002100000008004100021035002000062245005100082100001700133250000600150260002900156300001200185084001400197082000800211650001300219990001200232990001200244INLIS000000000000779 ind  a0010-0524000014 aSeri Ilmu Pintar Kimia Kelas XIIcM. Nurkhozim aM. Nurkhozim a1 aYogyakarta :bAndic2017 a374 hlm a540 NUR k a540 aNonFiksi a0740407 a0740408